[Event "Groningen"]
[Site "Groningen"]
[Date "1992.??.??"]
[Round "2"]
[White "Klovans, Janis"]
[Black "Miles, Anthony J"]
[Result "0-1"]
[WhiteElo "2470"]
[BlackElo "2595"]
[PlyCount "114"]
[EventDate "1992.12.??"]
[Source "ChessBase"]

1. e4 Nc6 2. Nf3 d6 3. d4 Nf6 4. Nc3 Bg4 5. Be3 e6 6. h3 Bh5 7. d5 Ne7 8. Be2 exd5 9. exd5 Bxf3 10. Bxf3 Nf5 11. Bg5 Be7 12. O-O O-O 13. Re1 Nd7 14. Bxe7 Nxe7 15. Qd2 Ng6 16. g3 Qf6 17. Bg2 Rae8 18. b3 h5 19. h4 Nge5 20. f4 Ng4 21. Ne4 Qg6 22. Ng5 Ndf6 23. a4 Qf5 24. Bf3 c6 25. dxc6 bxc6 26. Qc3 Rc8 27. Rad1 Qd7 28. Qd4 Rfe8 29. Qd3 d5 30. Bxg4 Qxg4 31. Kg2 c5 32. Qf3 Qd7 33. Qd3 d4 34. Kg1 c4 35. bxc4 Qxa4 36. Qxd4 Qxc2 37. Qxa7 Qxc4 38. Qf2 Ng4 39. Rxe8+ Rxe8 40. Re1 Rc8 41. Qe2 Qc5+ 42. Kg2 g6 43. Qf3 Qd4 44. Qe2 Qd5+ 45. Nf3 Nf6 46. Qd2 Qb3 47. Re3 Qb7 48. Re2 Rc5 49. Re5 Rc4 50. f5 Qb1 51. Nd4 Rc1 52. fxg6 Rg1+ 53. Kf3 Qb7+ 54. Kf4 Rf1+ 55. Kg5 fxg6 56. Qa2+ Kh8 57. Ne6 Qe7 0-1

[Event "EU-ch 2nd"]
[Site "Ohrid"]
[Date "2001.06.07"]
[Round "7"]
[White "Fedorchuk, Sergey A"]
[Black "Miles, Anthony J"]
[Result "0-1"]
[WhiteElo "2503"]
[BlackElo "2562"]
[PlyCount "104"]
[EventDate "2001.06.01"]
[Source "ChessBase"]
[SourceDate "2001.09.13"]

1. e4 Nc6 2. d4 e5 3. dxe5 Nxe5 4. Nc3 Bc5 5. f4 Nc6 6. Nf3 d6 7. Na4 Bb6 8. Bd3 d5 9. Nxb6 axb6 10. e5 Nge7 11. O-O Bf5 12. Nh4 Bxd3 13. Qxd3 Qd7 14. Bd2 Qg4 15. Be1 O-O 16. h3 Qd7 17. Bd2 Ra4 18. Bc3 Ng6 19. Nxg6 fxg6 20. g3 Ne7 21. Kh2 h5 22. b3 Re4 23. Rae1 Qc6 24. Bd2 Nf5 25. Qc3 h4 26. gxh4 Nxh4 27. Qxc6 bxc6 28. Kg3 Nf5+ 29. Kg4 Kf7 30. Rxe4 dxe4 31. Re1 Rd8 32. Be3 Rd1 33. Re2 Ke6 34. Bf2 Rf1 35. a4 c5 36. a5 bxa5 37. Kg5 Rh1 38. Bxc5 Rxh3 39. Kxg6 Rg3+ 40. Kh7 e3 41. Kg8 g5 42. fxg5 Rxg5+ 43. Kh7 Rg7+ 44. Kh8 Rg3 45. Rh2 Kxe5 46. Ba3 Rg4 47. Bb2+ Ke4 48. Bc3 Rh4+ 49. Rxh4+ Nxh4 50. Bxa5 e2 51. Kg7 Nf3 52. Kf6 Ke3 0-1

[Event "MK Cafe Cup-A"]
[Site "Koszalin"]
[Date "1999.08.03"]
[Round "1"]
[White "Sutovsky, Emil"]
[Black "Jaracz, Pawel"]
[Result "1-0"]
[WhiteElo "2587"]
[BlackElo "2477"]
[PlyCount "57"]
[EventDate "1999.08.03"]
[Source "ChessBase"]
[SourceDate "1999.12.01"]

1. e4 Nc6 2. Nf3 d6 3. d4 Nf6 4. Nc3 Bg4 5. d5 Nb8 6. h3 Bxf3 7. Qxf3 g6 8. Bg5 Bg7 9. O-O-O Nbd7 10. Qe2 c6 11. f4 Qc7 12. g4 h6 13. Bh4 Nh7 14. e5 g5 15. dxc6 Qxc6 16. Bg2 Qc8 17. exd6 e6 18. f5 gxh4 19. fxe6 O-O 20. exd7 Qxd7 21. Qe7 Rad8 22. Bxb7 Bxc3 23. Qxd7 Rxd7 24. Bc6 Bxb2+ 25. Kxb2 Rb8+ 26. Ka1 Rdd8 27. Rhe1 Ng5 28. d7 Nxh3 29. Rb1 1-0

[Event "Beijing"]
[Site "?"]
[Date "1993.??.??"]
[Round "?"]
[White "Wang, Zili"]
[Black "Lin, Weiguo"]
[Result "0-1"]
[WhiteElo "2515"]
[BlackElo "2545"]
[PlyCount "80"]
[EventDate "1993.??.??"]
[Source "ChessBase"]
[SourceDate "1993.10.01"]

1. e4 Nc6 2. d4 e5 3. d5 Nce7 4. Nf3 Ng6 5. c4 Nf6 6. Qc2 Bb4+ 7. Nbd2 O-O 8. a3 Bxd2+ 9. Bxd2 d6 10. g3 Bg4 11. Bg2 Qc8 12. h3 Bd7 13. h4 Nh5 14. c5 f5 15. c6 bxc6 16. dxc6 Be6 17. Ng5 f4 18. Nxe6 Qxe6 19. g4 f3 20. Bf1 Nhf4 21. Bc4 d5 22. exd5 Ng2+ 23. Kd1 Qxg4 24. h5 N6f4 25. h6 Nh3 26. Rf1 Kh8 27. hxg7+ Kxg7 28. Qc3 Qe4 29. b3 Rad8 30. Kc1 Nhf4 31. Kb2 Nxd5 32. Qc2 Qxc2+ 33. Kxc2 Nb6 34. Rh1 Nxc4 35. bxc4 Rf5 36. Bc3 Kg6 37. Rh3 e4 38. Rah1 h5 39. Bd2 h4 40. Rb1 Rd4 0-1

[Event "VISA GP"]
[Site "Reykjavik"]
[Date "1998.03.16"]
[Round "7"]
[White "Hall, Jesper"]
[Black "Miles, Anthony J"]
[Result "1-0"]
[WhiteElo "2460"]
[BlackElo "2595"]
[PlyCount "120"]
[EventDate "1998.03.10"]
[Source "ChessBase"]
[SourceDate "1998.06.15"]

1. e4 Nc6 2. d4 e5 3. d5 Nce7 4. Nf3 Ng6 5. h4 h5 6. Bg5 Nf6 7. Nc3 Be7 8. Bxf6 Bxf6 9. d6 c6 10. g3 Nf8 11. Qd2 Ne6 12. Bh3 b6 13. O-O-O a5 14. Kb1 Ra7 15. Ne2 Nc5 16. Qe3 Kf8 17. Nc1 a4 18. a3 Ra5 19. Ng5 Ba6 20. Rh2 Qe8 21. Re1 Nb7 22. Rd1 Rh6 23. f4 Bxg5 24. fxg5 Rxd6 25. Rxd6 Nxd6 26. Qxb6 Nc4 27. Qb4+ c5 28. Qc3 Qd8 29. Rf2 Rb5 30. Nd3 Rb8 31. Nxe5 Nxe5 32. Qxe5 d6 33. Qf5 Bc4 34. Bf1 Qb6 35. c3 Qb5 36. Bxc4 Qxc4 37. g6 f6 38. Qd5 Qxd5 39. exd5 Ke7 40. Re2+ Kd7 41. Re4 Ra8 42. Kc2 Kd8 43. Kd3 Kd7 44. Rf4 Ke7 45. Ke3 Kd7 46. Kf3 Kc7 47. Re4 Kd7 48. Kf4 Ra5 49. g4 hxg4 50. Kxg4 c4 51. Rxc4 Rxd5 52. Rxa4 Rd2 53. Ra7+ Ke6 54. Rxg7 Rxb2 55. h5 Rg2+ 56. Kf3 Rh2 57. Rh7 Rh3+ 58. Kg2 Rxc3 59. Ra7 Rc5 60. g7 Rxh5 1-0

[Event "Lisbon op 6th"]
[Site "Lisbon"]
[Date "2000.11.26"]
[Round "9"]
[White "Van den Doel, Erik"]
[Black "Kogan, Artur"]
[Result "1-0"]
[WhiteElo "2547"]
[BlackElo "2504"]
[PlyCount "67"]
[EventDate "2000.11.18"]
[Source "ChessBase"]
[SourceDate "2001.01.11"]

1. e4 Nc6 2. Bb5 Nf6 3. d3 Nd4 4. Ba4 b5 5. c3 bxa4 6. cxd4 Ba6 7. Nc3 a3 8. b3 c5 9. dxc5 Qa5 10. Nge2 e6 11. Bd2 Bxc5 12. Na4 Bb4 13. Bxb4 Qxb4+ 14. Qd2 Qb5 15. Rd1 O-O 16. Nec3 Qh5 17. O-O Ng4 18. h3 Ne5 19. Qe3 Rfc8 20. f4 Nc6 21. Rf2 Nb4 22. d4 Rc7 23. d5 exd5 24. Rd4 Rb8 25. Nxd5 Nxd5 26. Rxd5 Qh4 27. Nc5 Bb5 28. e5 Qe7 29. f5 f6 30. Ne4 Kh8 31. Qd4 Rc1+ 32. Kh2 Bc6 33. exf6 gxf6 34. Nxf6 1-0

[Event "Bundesliga 9798"]
[Site "Germany"]
[Date "1998.??.??"]
[Round "?.3"]
[White "Gallagher, Joseph G"]
[Black "Bauer, Christian"]
[Result "1-0"]
[WhiteElo "2525"]
[BlackElo "2525"]
[PlyCount "125"]
[EventDate "1997.10.??"]
[Source "ChessBase"]
[SourceDate "1999.07.01"]

1. e4 Nc6 2. d4 e5 3. dxe5 Nxe5 4. Nf3 Bb4+ 5. c3 Bd6 6. Nxe5 Bxe5 7. Bc4 Qe7 8. f4 Bd6 9. O-O Nh6 10. Nd2 O-O 11. Qh5 Bc5+ 12. Kh1 d5 13. Bxd5 Ng4 14. f5 Nf6 15. Qf3 Re8 16. b4 Bb6 17. Bb2 c6 18. Bb3 Bc7 19. Rae1 Qd8 20. Nc4 b5 21. Na5 Qd6 22. g3 Bxa5 23. bxa5 Bb7 24. c4 bxc4 25. Bxc4 c5 26. Bxf6 Qxf6 27. Bd5 Bxd5 28. exd5 Qd6 29. f6 Qxf6 30. Rxe8+ Rxe8 31. Qxf6 gxf6 32. Rxf6 Re1+ 33. Kg2 Rd1 34. Rd6 Rd2+ 35. Kf3 Kf8 36. Rd7 Ke8 37. Rxa7 Rxd5 38. Rb7 Rd3+ 39. Ke4 Ra3 40. Rb5 Rxa2 41. Kd5 Kd7 42. Kxc5 Kc7 43. h4 Ra3 44. Kb4 Rxg3 45. Rh5 Kc6 46. Rxh7 Rg4+ 47. Kc3 Kb5 48. Rh5+ Ka6 49. Kd3 Rb4 50. Ke3 Rg4 51. Kf2 f6 52. Ke3 f5 53. Kf3 Rc4 54. Kg3 Rg4+ 55. Kh3 Rf4 56. Rg5 Rf1 57. Kg2 Rf4 58. h5 Kxa5 59. Rg3 Rc4 60. Rh3 Rc2+ 61. Kg3 f4+ 62. Kxf4 Rc4+ 63. Ke5 1-0

[Event "New York op"]
[Site "New York"]
[Date "1987.??.??"]
[Round "?"]
[White "Wilder, Michael"]
[Black "Benjamin, Joel"]
[Result "1/2-1/2"]
[WhiteElo "2485"]
[BlackElo "2565"]
[PlyCount "29"]
[EventDate "1987.04.??"]
[Source "ChessBase"]

1. e4 Nc6 2. Nf3 d6 3. d4 Nf6 4. Nc3 Bg4 5. d5 Nb8 6. h3 Bxf3 7. Qxf3 Nbd7 8. Bf4 g6 9. O-O-O Bg7 10. g4 c6 11. dxc6 bxc6 12. e5 dxe5 13. Bxe5 Qc8 14. Bd4 O-O 15. g5 1/2-1/2

[Event "4th Open A"]
[Site "Moscow RUS"]
[Date "2008.02.02"]
[Round "1"]
[White "Amonatov, F."]
[Black "Zemtsov, I."]
[Result "1-0"]
[WhiteElo "2649"]
[BlackElo "2400"]
[PlyCount "53"]
[EventDate "2008.02.02"]
[Source "www.chesslib.no"]
[SourceDate "2004.05.04"]

1. e4 Nc6 2. Nf3 d6 3. d4 Nf6 4. d5 Nb8 5. Bd3 g6 6. O-O Bg7 7. h3 c6 8. c4 O-O 9. Nc3 a6 10. Bg5 h6 11. Be3 b5 12. cxb5 axb5 13. dxc6 b4 14. Nd5 Nxc6 15. Bb6 Qd7 16. Bb5 Bb7 17. Ne5 Nxe5 18. Nxf6+ Bxf6 19. Bxd7 Nxd7 20. Bd4 Bxe4 21. Re1 e5 22. Be3 Rfd8 23. Qxd6 Bc2 24. Qxb4 e4 25. Bd4 Ne5 26. Bxe5 Bxe5 27. Qc5 1-0

[Event "Agios Nikolaos Open"]
[Site "Agios Nikolaos GRE"]
[Date "1995.??.??"]
[Round "1"]
[White "Riemersma, Liafbern"]
[Black "Miles, Anthony J"]
[Result "0-1"]
[WhiteElo "2430"]
[BlackElo "2615"]
[PlyCount "112"]
[EventDate "1995.??.??"]
[Source "www.chesslib.no"]
[SourceDate "2004.05.04"]

1. e4 Nc6 2. Nf3 d6 3. d4 Nf6 4. Nc3 Bg4 5. d5 Nb8 6. a4 a5 7. Be2 Bxf3 8. Bxf3 g6 9. O-O Bg7 10. Re1 Nfd7 11. Nb5 c6 12. Nd4 O-O 13. g3 Qc7 14. Ra3 Na6 15. Rae3 Rab8 16. Bg2 Rfe8 17. f4 e5 18. dxe6 fxe6 19. f5 Nac5 20. c3 Nf8 21. g4 Bh6 22. Rf3 Bxc1 23. Qxc1 Kh8 24. Ref1 gxf5 25. gxf5 e5 26. f6 exd4 27. Rg3 Qf7 28. Rg7 Qh5 29. Rg5 Nb3 30. Rxh5 Nxc1 31. Rxc1 dxc3 32. Rxc3 Nd7 33. Rh6 Re6 34. Rch3 Nxf6 35. Rf3 Rf8 36. Rh4 Rg8 37. Rh6 Rf8 38. Rh4 Nd7 39. Rxf8+ Nxf8 40. Bh3 Re7 41. Bf5 Kg7 42. Kf2 Ng6 43. Rh5 Re5 44. Ke3 b5 45. b3 h6 46. Rh3 Ne7 47. Kf4 Rc5 48. axb5 Rxb5 49. Rg3+ Kf6 50. Bh7 Rh5 51. Rd3 Ke6 52. Rd2 Rg5 53. Rd3 Rh5 54. Rd2 Rb5 55. Rd3 Rb4 56. Rh3 Nd5+ 0-1

[Event "DDR-ch 29th"]
[Site "Plauen"]
[Date "1980.??.??"]
[Round "5"]
[White "Knaak, Rainer"]
[Black "Vogt, Lothar"]
[Result "1/2-1/2"]
[WhiteElo "2535"]
[BlackElo "2510"]
[PlyCount "20"]
[EventDate "1980.02.??"]
[Source "ChessBase"]

1. e4 Nc6 2. Nf3 d6 3. d4 Bg4 4. Bb5 a6 5. Ba4 b5 6. Bb3 Nf6 7. Ng5 Bh5 8. Qxh5 Nxh5 9. Bxf7+ Kd7 10. Be6+ Ke8 1/2-1/2

[Event "Buenos Aires"]
[Site "Buenos Aires"]
[Date "2003.??.??"]
[Round "?"]
[White "Bruzon, L."]
[Black "Gomez Baillo, J."]
[Result "1-0"]
[WhiteElo "2614"]
[BlackElo "2429"]
[PlyCount "97"]
[EventDate "2003.??.??"]
[Source "Chess Informant"]
[SourceDate "2003.10.01"]

1. e4 Nc6 2. Nf3 d6 3. d4 Nf6 4. Nc3 Bg4 5. Be3 e6 6. h3 Bh5 7. d5 Ne7 8. Bc4 e5 9. Qe2 a6 10. O-O-O Nc8 11. Bd3 Be7 12. g4 Bg6 13. Rdg1 c5 14. dxc6 bxc6 15. Nh4 Qa5 16. Nf5 Bxf5 17. gxf5 d5 18. exd5 cxd5 19. Bd2 d4 20. Nb1 Qc5 21. Rxg7 Nd6 22. f3 Kd7 23. Re1 Nh5 24. Rg4 Bf6 25. Bh6 Nf4 26. Bxf4 exf4 27. Nd2 h5 28. Rgg1 Rab8 29. Nb3 Qd5 30. Kb1 a5 31. Be4 Qc4 32. Qxc4 Nxc4 33. Bd3 Ne3 34. Nxa5 Rhg8 35. Nb3 Rg3 36. Nc5+ Kc6 37. Ne4 Rxg1 38. Rxg1 Be5 39. a4 Nd5 40. Bb5+ Kb6 41. Rg5 f6 42. Rg7 Ne3 43. Bd3 Nxf5 44. Rh7 Nh4 45. Nd2 Kc5 46. a5 Ng2 47. a6 Ra8 48. a7 Kb6 49. Nc4+ 1-0

[Event "DDR Ch 27th"]
[Site "Eggesin"]
[Date "1978.??.??"]
[Round "11"]
[White "Vogt, Lothar H"]
[Black "Knaak, Rainer F A"]
[Result "1/2-1/2"]
[WhiteElo "2520"]
[BlackElo "2520"]
[PlyCount "21"]
[EventDate "1978.02.10"]
[Source "www.chesslib.no"]
[SourceDate "2004.05.04"]

1. e4 Nc6 2. d4 d6 3. Nf3 Bg4 4. Bb5 a6 5. Ba4 b5 6. Bb3 Nf6 7. Ng5 Bxd1 8. Bxf7+ Kd7 9. Be6+ Ke8 10. Bf7+ Kd7 11. Be6+ 1/2-1/2

[Event "Moscow Aeroflot op"]
[Site "Moscow"]
[Date "2002.02.05"]
[Round "1"]
[White "Shabanov, Yuri"]
[Black "Minasian, Artashes"]
[Result "0-1"]
[WhiteElo "2463"]
[BlackElo "2576"]
[PlyCount "80"]
[EventDate "2002.02.04"]
[Source "ChessBase"]
[SourceDate "2002.03.21"]

1. e4 Nc6 2. Nf3 d6 3. d4 Nf6 4. Nc3 Bg4 5. Be2 e6 6. O-O Be7 7. Be3 O-O 8. h3 Bh5 9. Nd2 Bxe2 10. Qxe2 d5 11. e5 Nd7 12. f4 Nb4 13. Nf3 c5 14. Nd1 cxd4 15. Nxd4 Bc5 16. Nf2 Qb6 17. c3 Nc6 18. Rad1 Rae8 19. a3 f6 20. b4 Bxd4 21. cxd4 Ne7 22. Nd3 fxe5 23. dxe5 d4 24. Bf2 Nd5 25. Qd2 Rc8 26. Rde1 Rc3 27. Re4 Qa6 28. Rxd4 Rxa3 29. Rc1 Ra1 30. Kh2 Rxc1 31. Qxc1 Qa2 32. Qc4 Qxc4 33. Rxc4 a6 34. g3 g5 35. Kg2 gxf4 36. gxf4 Nb8 37. Kg3 Kf7 38. Kf3 Nc6 39. Ke4 Ke8 40. Rc1 Rf7 0-1

[Event "Ubeda op 6th"]
[Site "Ubeda"]
[Date "2001.01.30"]
[Round "10.11"]
[White "Del Rio Angelis, Salvador Gabriel"]
[Black "Minasian, Artashes"]
[Result "0-1"]
[WhiteElo "2472"]
[BlackElo "2567"]
[PlyCount "43"]
[EventDate "2001.01.21"]
[Source "ChessBase"]
[SourceDate "2001.03.08"]

1. e4 Nc6 2. d4 d5 3. exd5 Qxd5 4. Nf3 Bg4 5. Be2 O-O-O 6. Be3 Nf6 7. O-O Qh5 8. Nbd2 e5 9. dxe5 Nxe5 10. Re1 Bd6 11. Nxe5 Bxe5 12. Bxg4+ Qxg4 13. c3 Rd7 14. Qxg4 Bxh2+ 15. Kxh2 Nxg4+ 16. Kg3 Nxe3 17. Rxe3 Rxd2 18. b4 h5 19. Rf3 f6 20. a4 Re8 21. Kh4 Rd5 22. Rg3 0-1

[Event "6th Dubai Open"]
[Site "Dubai"]
[Date "2004.04.21"]
[Round "3.9"]
[White "Hakki, Imad"]
[Black "Minasian, Artashes"]
[Result "0-1"]
[WhiteElo "2451"]
[BlackElo "2585"]
[PlyCount "101"]
[EventDate "2004.04.19"]
[Source "Roberto Alvarez"]
[SourceDate "2004.05.03"]

1. e4 Nc6 2. Nf3 d6 3. d4 Nf6 4. Nc3 Bg4 5. Be3 e6 6. Be2 Be7 7. Nd2 Bxe2 8. Qxe2 O-O 9. O-O e5 10. d5 Nb8 11. Nc4 Nbd7 12. Na5 Qc8 13. f3 Nb6 14. Rad1 c6 15. Bxb6 axb6 16. Nc4 Qc7 17. a4 cxd5 18. exd5 Nh5 19. g3 g6 20. b3 Ng7 21. Nb5 Qd8 22. f4 exf4 23. Rxf4 f5 24. Rf3 Rc8 25. Re1 Rf7 26. Re3 Bf8 27. Qd3 f4 28. Rf3 fxg3 29. hxg3 Rxf3 30. Qxf3 Nf5 31. c3 Bg7 32. g4 Qh4 33. Re4 Nh6 34. Qf2 Qg5 35. Qe2 Rf8 36. Nbxd6 Bxc3 37. Re8 Bd4+ 38. Kg2 Qxd5+ 39. Qe4 Qc6 40. Kh3 Rxe8 41. Qxe8+ Qxe8 42. Nxe8 Nf7 43. Ned6 Nxd6 44. Nxd6 Kf8 45. Nxb7 Ke7 46. a5 b5 47. a6 Kd7 48. Kg2 Kc7 49. Kg3 Kb6 50. Nd8 Kxa6 51. Nf7 0-1

[Event "Cannes schev"]
[Site "Cannes"]
[Date "1989.??.??"]
[Round "?"]
[White "Anand, Viswanathan"]
[Black "Miles, Anthony J"]
[Result "1/2-1/2"]
[WhiteElo "2515"]
[BlackElo "2520"]
[PlyCount "22"]
[EventDate "1989.02.??"]
[Source "ChessBase"]

1. e4 Nc6 2. Nf3 d6 3. d4 Nf6 4. Nc3 Bg4 5. d5 Ne5 6. Bb5+ Ned7 7. h3 Bxf3 8. Qxf3 g6 9. O-O Bg7 10. Re1 O-O 11. a4 c6 1/2-1/2

[Event "Bundesliga 8283"]
[Site "Germany"]
[Date "1983.04.17"]
[Round "?"]
[White "Hecht, Hans Joachim"]
[Black "Miles, Anthony J"]
[Result "1-0"]
[WhiteElo "2450"]
[BlackElo "2585"]
[PlyCount "183"]
[EventDate "1982.10.??"]
[Source "ChessBase"]
[SourceDate "1997.08.01"]

1. e4 Nc6 2. d4 e5 3. dxe5 Nxe5 4. Nf3 Bb4+ 5. Bd2 Bxd2+ 6. Nbxd2 Qf6 7. c3 Ne7 8. Nxe5 Qxe5 9. Bd3 O-O 10. O-O Ng6 11. Nc4 Qg5 12. Ne3 Nf4 13. Kh1 b6 14. Bc2 Ba6 15. Re1 Rae8 16. Qf3 Bb7 17. Qg3 h6 18. Rad1 d6 19. Qxg5 hxg5 20. f3 Re5 21. Kg1 Rfe8 22. Kf2 Bc6 23. Bb3 Kf8 24. Bc4 a5 25. Bf1 g6 26. Nc4 R5e7 27. Ne3 Kg7 28. Nc2 Re5 29. Nd4 Bd7 30. h3 Kf6 31. Nc2 Kg7 32. Ne3 Bc6 33. Nc4 R5e7 34. Ne3 Rh8 35. Nc2 Ba4 36. b3 Bd7 37. Ne3 Rhe8 38. g3 Nxh3+ 39. Bxh3 Bxh3 40. g4 Rh8 41. Rh1 Rh4 42. Rh2 d5 43. Rdh1 dxe4 44. Rxh3 Rxh3 45. Rxh3 Rd7 46. Ke2 Kf6 47. fxe4 Ke5 48. Rf3 Kxe4 49. Nc4 f5 50. Re3+ Kf4 51. Rf3+ Ke4 52. Rf2 Rh7 53. Nd2+ Ke5 54. Ke3 Re7 55. Re2 Kf6+ 56. Kf2 Rh7 57. Nf3 Rh3 58. gxf5 g4 59. Re6+ Kxf5 60. Nd4+ Kg5 61. Ne2 Rf3+ 62. Kg2 Rd3 63. Kf2 Rd2 64. a4 Rb2 65. Kg3 Rxb3 66. Rc6 Ra3 67. Rc4 c6 68. Rxg4+ Kf5 69. Rc4 Ke5 70. Rxc6 Ke4 71. Rxb6 Kd3 72. Kf3 Rxa4 73. Rd6+ Kc2 74. Rd5 Ra1 75. Ke3 a4 76. Rd2+ Kb3 77. Kd3 a3 78. Nd4+ Ka4 79. Rg2 g5 80. Kc4 Rb1 81. Rxg5 a2 82. Rg8 Ka3 83. Nc2+ Kb2 84. Rg2 Kc1 85. Na1 Rxa1 86. Kd3 Rb1 87. Rc2+ Kd1 88. Rxa2 Ke1 89. c4 Rd1+ 90. Ke4 Rc1 91. Kd5 Rd1+ 92. Kc6 1-0

[Event "Elista ol (Men)"]
[Site "Elista"]
[Date "1998.09.30"]
[Round "2"]
[White "Sulskis, Sarunas"]
[Black "Tu Hoang Thong"]
[Result "1-0"]
[WhiteElo "2555"]
[BlackElo "2480"]
[PlyCount "73"]
[EventDate "1998.09.29"]
[Source "ChessBase"]
[SourceDate "1998.11.06"]

1. e4 Nc6 2. d4 d6 3. f4 e5 4. dxe5 dxe5 5. Qxd8+ Nxd8 6. fxe5 Nc6 7. Nf3 Bg4 8. Bb5 Nge7 9. Bg5 a6 10. Ba4 b5 11. Bb3 Bxf3 12. gxf3 Nxe5 13. Nd2 c5 14. Bxe7 Bxe7 15. Bd5 Rb8 16. f4 Nd7 17. c4 O-O 18. O-O-O Nb6 19. Kc2 Kh8 20. b3 f6 21. Rhf1 Bd6 22. e5 Be7 23. e6 g6 24. f5 Rg8 25. Ne4 gxf5 26. Ng3 bxc4 27. bxc4 Bd6 28. Nxf5 Be5 29. e7 Nxd5 30. Rxd5 Rge8 31. Rb1 Rxb1 32. Kxb1 Kg8 33. Nh6+ Kg7 34. Rd8 Rxe7 35. Nf5+ Kf7 36. Nxe7 Kxe7 37. Rh8 1-0

[Event "Biel Open"]
[Site "Biel SUI"]
[Date "1994.??.??"]
[Round "2"]
[White "Barle, Janez"]
[Black "Miles, Anthony J"]
[Result "1-0"]
[WhiteElo "2440"]
[BlackElo "2590"]
[PlyCount "47"]
[EventDate "1994.07.??"]
[Source "www.chesslib.no"]
[SourceDate "2004.05.04"]

1. e4 Nc6 2. d4 e5 3. d5 Nce7 4. h4 f5 5. Bg5 d6 6. Nc3 h6 7. Bb5+ Kf7 8. Bxe7 Qxe7 9. exf5 Bxf5 10. Qf3 Qf6 11. O-O-O Bh7 12. Qe3 Ne7 13. Nge2 Nf5 14. Qh3 Be7 15. Ne4 Qxh4 16. Qf3 Kg8 17. Rxh4 Nxh4 18. Qd3 Nxg2 19. Bd7 Nh4 20. Be6+ Kf8 21. Rh1 Bg5+ 22. Kb1 Ke7 23. Qc4 c5 24. Qb5 1-0

[Event "Ibercaja Open"]
[Site "Zaragoza"]
[Date "1992.??.??"]
[Round "?"]
[White "Ulibin, Mikhail"]
[Black "Danailov, Silvio"]
[Result "1/2-1/2"]
[WhiteElo "2585"]
[BlackElo "2445"]
[PlyCount "94"]
[EventDate "1992.??.??"]
[Source "www.chesslib.no"]
[SourceDate "2004.05.04"]

1. e4 Nc6 2. d4 e5 3. dxe5 Nxe5 4. Nc3 Bc5 5. Bf4 d6 6. Qd2 Ne7 7. O-O-O Be6 8. Na4 Nd7 9. Nxc5 Nxc5 10. f3 O-O 11. Be3 b6 12. Ne2 a5 13. a3 a4 14. Nf4 Ba2 15. Qc3 Nc6 16. Nh5 f6 17. g4 Bf7 18. Ng3 Qe7 19. Nf5 Qe5 20. Qxe5 fxe5 21. Bb5 Na7 22. Ne7+ Kh8 23. Be2 Be6 24. h4 Rf7 25. Nd5 Raf8 26. h5 Nc6 27. Rh3 Bc8 28. Nb4 Na5 29. Rg3 Ne6 30. Nd5 Nc6 31. c3 Ne7 32. Nxe7 Rxe7 33. Kd2 Bd7 34. Ke1 Bc6 35. Bc4 Nf4 36. Bxf4 Rxf4 37. Ke2 Re8 38. Ke3 Ref8 39. Be6 Be8 40. Rd2 Bf7 41. Bxf7 R4xf7 42. c4 Rf4 43. Rd3 Kg8 44. Kd2 Kf7 45. Kc3 Ke7 46. Kb4 Ra8 47. Rh3 Kd7 1/2-1/2